Visualizzazione normale
Vista MARC
- Prokofiev Sergiej
di Personal Name
Records bibliografici associati: 1
001 - CONTROL NUMBER
- control field: 9943
003 - CONTROL NUMBER IDENTIFIER
- control field: IT-RoPau
005 - DATE AND TIME OF LATEST TRANSACTION
- control field: 20140121163859.0
008 - FIXED-LENGTH DATA ELEMENTS
- fixed length control field: 140121|| aca||aabn | a|a d
040 ## - CATALOGING SOURCE
- Original cataloging agency: IT-RoPau
- Transcribing agency: IT-RoPau
100 ## - HEADING--PERSONAL NAME
- Personal name: Prokofiev Sergiej
670 ## - SOURCE DATA FOUND
- Source citation: Work cat.: (IT-RoPau)104018: Prokofiev Sergiej, Chout (The Buffoon)-Ballet suite op. 21A